000 00390nam a2200157Ia 4500
008 210210b2002 xxu||||| |||| 00| 0 eng d
020 _a81 85375 71 2
082 _a597 JAYF
100 _aJAYARAM (K C).
245 _aFundamentals of fish taxonomy.
260 _aDelhi.
_bNarendra Publishing House.,
_c2002
300 _ax,174
650 _aFish
690 _aFishes
906 _a057601
999 _c105124
_d105124